[Event "Benidorm op U2000 14th"]
[Site "Benidorm"]
[Date "2015.11.28"]
[Round "1"]
[White "Moore, Robin"]
[Black "Ocana Lameiro, Oliver"]
[Result "1-0"]
[WhiteElo "1734"]
[BlackElo "1984"]
[PlyCount "61"]
[EventDate "2015.11.28"]
[EventType "swiss"]
[EventRounds "10"]
[EventCountry "ESP"]
[SourceTitle "CBM 169 Extra"]
[Source "ChessBase"]
[SourceDate "2015.12.18"]
[SourceVersion "1"]
[SourceVersionDate "2015.12.18"]
[SourceQuality "1"]

1. e4 c6 2. d4 d5 3. e5 c5 4. Nf3 cxd4 5. Nxd4 Nc6 6. Nxc6 bxc6 7. Bd3 e6 8. 0-0 g6 9. Nd2 Bg7 10. f4 Ne7 11. Nf3 0-0 12. Be3 a5 13. Bc5 Ba6 14. Nd4 Bb7 15. a4 Re8 16. Qg4 Nc8 17. Rae1 Nb6 18. f5 exf5 19. Bxf5 Rxe5 20. Rxe5 Bxe5 21. Be6 Bf6 22. Bxf7+ Kxf7 23. Qe6+ Kg7 24. Bxb6 Qe7 25. Qg4 Bc8 26. Qg3 Bd7 27. Nb3 Rf8 28. Bc5 Qxc5+ 29. Nxc5 Bd4+ 30. Rf2 Bxc5 31. Qc3+ 1-0

[Event "Dundee & Angus op Challengers"]
[Site "Dundee"]
[Date "2013.10.12"]
[Round "3"]
[White "Shafi, Declan"]
[Black "Moore, Robin"]
[Result "1-0"]
[WhiteElo "1500"]
[BlackElo "1709"]
[PlyCount "57"]
[EventDate "2013.10.11"]
[EventType "swiss"]
[EventRounds "5"]
[EventCountry "SCO"]
[SourceTitle "EXT 2017"]
[Source "ChessBase"]
[SourceDate "2016.10.25"]
[SourceVersion "1"]
[SourceVersionDate "2016.10.25"]
[SourceQuality "1"]

1. e4 c5 2. Nf3 d6 3. d4 cxd4 4. Nxd4 Nf6 5. Nc3 g6 6. Be3 Bg7 7. f3 Nc6 8. Qd2 0-0 9. Bc4 Bd7 10. 0-0-0 Qa5 11. h4 Rfc8 12. Bb3 Ne5 13. g4 Nc4 14. Bxc4 Rxc4 15. h5 b5 16. Nb3 Qa6 17. hxg6 fxg6 18. Bh6 Bh8 19. e5 b4 20. Nd5 Nxd5 21. Qxd5+ e6 22. Qxa8+ Rc8 23. Qe4 Qxa2 24. Qxb4 Bxe5 25. Qa3 Qxa3 26. bxa3 Ba4 27. Rd3 Bc3 28. Bd2 Bg7 29. Kd1 1-0

[Event "Prestwick Airport Major"]
[Site "Prestwick"]
[Date "2011.05.15"]
[Round "5"]
[White "Moore, Robin"]
[Black "Alomenu, Gilbert"]
[Result "1-0"]
[WhiteElo "1581"]
[BlackElo "1154"]
[PlyCount "69"]
[EventDate "2011.05.13"]
[EventType "swiss"]
[EventRounds "5"]
[EventCountry "SCO"]
[SourceTitle "EXT 2023"]
[Source "ChessBase"]
[SourceDate "2022.10.05"]
[SourceVersion "1"]
[SourceVersionDate "2022.10.05"]
[SourceQuality "1"]

1. e4 e5 2. Bc4 Nf6 3. d4 c6 4. dxe5 Qa5+ 5. Nc3 Qxe5 6. Nf3 Qc7 7. 0-0 Bc5 8. e5 Ng4 9. Bxf7+ Kf8 10. Bf4 d5 11. exd6 Qxf7 12. Bg3 h6 13. Re1 Nxf2 14. Bxf2 Bxf2+ 15. Kxf2 Kg8 16. Re7 Qf6 17. Qe2 Bd7 18. Rf1 Kh7 19. Kg1 Na6 20. Rxd7 Nc5 21. Ne4 Nxd7 22. Nxf6+ Nxf6 23. Ne5 Rhe8 24. Qd3+ Kg8 25. d7 Nxd7 26. Nxd7 Rad8 27. Qc4+ Kh8 28. Rf7 Re1+ 29. Kf2 Rde8 30. Rf8+ Rxf8+ 31. Nxf8 Re8 32. Qf7 Rd8 33. Ne6 Rg8 34. Ng5 hxg5 35. Qh5# 1-0

[Event "Ravenna Lido Adriano op 1st"]
[Site "Ravenna"]
[Date "2011.04.03"]
[Round "2"]
[White "Moore, Robin"]
[Black "Memarian, Milad"]
[Result "0-1"]
[WhiteElo "1837"]
[BlackElo "2028"]
[PlyCount "70"]
[EventDate "2011.04.02"]
[EventType "swiss"]
[EventRounds "9"]
[EventCountry "ITA"]
[SourceTitle "EXT 2012"]
[Source "ChessBase"]
[SourceDate "2011.11.24"]
[SourceVersion "1"]
[SourceVersionDate "2011.11.24"]
[SourceQuality "1"]

1. e4 c5 2. d4 e6 3. Nf3 cxd4 4. c3 dxc3 5. Nxc3 Nc6 6. Bc4 a6 7. Qe2 Nge7 8. 0-0 Ng6 9. Rd1 Be7 10. Be3 b5 11. Bb3 0-0 12. Rac1 Na5 13. Nd4 Nxb3 14. Nxb3 d6 15. f4 Bd7 16. a3 Rc8 17. g4 f5 18. exf5 exf5 19. g5 Bxg5 20. fxg5 f4 21. Bd2 Qxg5+ 22. Qg2 Qd8 23. Be1 Bc6 24. Nd5 f3 25. Qg3 Rf5 26. Ne3 Rg5 27. Ng4 Ne5 28. h3 h5 29. Nd4 Bd7 30. Bd2 Rg6 31. Nxf3 Nxf3+ 32. Qxf3 hxg4 33. Qe4 Rxc1 34. Rxc1 Qf6 35. Rf1 gxh3+ 0-1